Capitals of Countries that Begin with T - Statistics

General Stats
  • This quiz has been taken 128 times
    124 since last reset
  • The average score is 9 of 11
Answer Stats
Hint Answer % Correct
Turkey Ankara
99%
Taiwan Taipei
99%
Tunisia Tunis
99%
Thailand Bangkok
98%
Turkmenistan Ashgabat
85%
Trinidad and Tobago Port of Spain
84%
Tajikistan Dushanbe
76%
Tanzania Dodoma
74%
Tuvalu Funafuti
70%
Togo Lomé
68%
Tonga Nuku'alofa
63%
No matching quizzes found
Score Distribution
Percent of People with Each Score
Percentile by Number Answered
Your Score History
You have not taken this quiz since the last reset